000 00542nam a22001937a 4500
999 _c8709
_d8709
003 OSt
005 20210730102339.0
008 160524b xxu||||| |||| 00| 0 eng d
020 _a8170001412
040 _aMMU
_beng
_cMMU
_dMMU
050 _aZ 845 .K35S9 1993
100 _aKrishna, C.Murali
245 _aManpower planning in university libraries /
_cC.Murali Krishna.
260 _aNew Delhi :
_bEssEss,
_c1993.
300 _a137 p. :
_bill. ;
500 _aIncludes index.
650 _amanpower planning
942 _2lcc
_cLOAN LOAN